|
|
|
|
| LEADER |
00000cam a2200000 i 4500 |
| 001 |
1/45496 |
| 008 |
070605s1970 gre d |
| 035 |
|
|
|l 10088135
|
| 040 |
|
|
|a GR-MY-UA
|b gre
|e aacr
|
| 041 |
0 |
|
|a gre
|
| 082 |
0 |
|
|a 342.495
|2 (22)
|
| 100 |
1 |
|
|a Τσάτσος, Θεμιστοκλής Δ.
|
| 245 |
1 |
3 |
|a Το πρόβλημα της ερμηνείας εν τω συνταγματικό δικαίο /
|c Θεμιστοκλέους Δ. Τσάτσου
|
| 260 |
|
|
|a Αθήναι :
|b [χ.ό.],
|c 1970
|
| 300 |
|
|
|a 88 σ.;
|c 25 εκ.
|
| 500 |
|
|
|a Ανάτυπον (Εκ του Β' τόμου της Επιετηρίδος Επιστημονικών Ερευνών του Πανεπιστημίου Αθηνών)
|
| 504 |
|
|
|a Περιλαμβάνει βιβλιογραφικές παραπομπές
|
| 650 |
0 |
0 |
|a Constitutional law
|z Greece.
|
| 852 |
|
|
|a INST
|b CHIOS
|e 20070605
|h 342.495 ΤΣΑ
|p 005200026192
|q 005200026192
|t BK
|y 0
|
| 901 |
|
|
|a BIBL2-2007-2
|
| 909 |
|
|
|a Χ
|b 131051
|
| 970 |
|
|
|a ΒΑΣΙΛΑΚΗ
|b ΝΙΚΗ
|z 2007/06/05
|